ბათუმის შოთა რუსთაველის სახელმწიფო უნივერსიტეტის ბიბლიოთეკა

Yedi İklim turkce : (ბიბ.ჩანაწერი № 57158)

000 -LEADER
fixed length control field 00938nam a22002297a 4500
005 - DATE AND TIME OF LATEST TRANSACTION
control field 20240402165531.0
008 - FIXED-LENGTH DATA ELEMENTS--GENERAL INFORMATION
fixed length control field 191206s2015 tu ||||| |||| 00| 0 tur d
020 ## - INTERNATIONAL STANDARD BOOK NUMBER
International Standard Book Number 9786058701021x
041 ## - LANGUAGE CODE
Language code of text/sound track or separate title tur
080 ## - UNIVERSAL DECIMAL CLASSIFICATION NUMBER
Universal Decimal Classification number 811.512.16 Y- 40
245 ## - TITLE STATEMENT
Title Yedi İklim turkce :
Remainder of title C2. Ders Kitabı /
Statement of responsibility, etc. İbrahim Gültekin, Mahir Kalfa, Filiz Mete,Aydan Eryiğit,Uğur Kılıç.
264 ## - PRODUCTION, PUBLICATION, DISTRIBUTION, MANUFACTURE, AND COPYRIGHT NOTICE
Place of production, publication, distribution, manufacture Ankara :
Name of producer, publisher, distributor, manufacturer Yunus emre enstitusu,
Date of production, publication, distribution, manufacture, or copyright notice 2015.
300 ## - PHYSICAL DESCRIPTION
Extent 185 p .:
Other physical details ill.: +1CD ;
Dimensions 29 cm.
653 ## - INDEX TERM--UNCONTROLLED
keyword თურქული ენა
653 ## - INDEX TERM--UNCONTROLLED
keyword სახელმძღვანელო და სავარჯიშო რვეული
700 ## - ADDED ENTRY--PERSONAL NAME
Personal name Gültekin, İbrahim
Relator term ავტორი
9 (RLIN) 21675
700 ## - ADDED ENTRY--PERSONAL NAME
Personal name Kalfa, Mahir
Relator term ავტორი
9 (RLIN) 21685
700 ## - ADDED ENTRY--PERSONAL NAME
Personal name Mete, Filiz
Relator term ავტორი
9 (RLIN) 21687
700 ## - ADDED ENTRY--PERSONAL NAME
Personal name Eryiğit, Aydan
Relator term ავტორი
9 (RLIN) 21688
700 ## - ADDED ENTRY--PERSONAL NAME
Personal name Kılıç, Uğur
Relator term ავტორი
9 (RLIN) 21689
942 ## - ADDED ENTRY ELEMENTS (KOHA)
Source of classification or shelving scheme
Koha item type წიგნი
ეგზემპლარები
Withdrawn status Lost status Source of classification or shelving scheme Damaged status Not for loan Permanent Location Current Location Shelving location Date acquired Cost, normal purchase price Full call number Barcode Date last seen Copy number Price effective from Koha item type Public note
          ბათუმის შოთა რუსთაველის სახელმწიფო უნივერსიტეტის მთავარი ბიბლიოთეკა ბათუმის შოთა რუსთაველის სახელმწიფო უნივერსიტეტის მთავარი ბიბლიოთეკა წიგნსაცავი 2019-12-06 10.00 811.512.16 Y- 40 60266 2019-12-06 60266 2019-12-06 წიგნი 10.00
          ბათუმის შოთა რუსთაველის სახელმწიფო უნივერსიტეტის მთავარი ბიბლიოთეკა ბათუმის შოთა რუსთაველის სახელმწიფო უნივერსიტეტის მთავარი ბიბლიოთეკა წიგნსაცავი 2024-04-02 10.00 811.512.16 Y- 40 67771 2024-04-02 67771 2024-04-02 წიგნი 10 ლ.